Sudden Death - King Von Welcome to O'Block Songs - Statistics

General Stats
  • This quiz has been taken 260 times
    256 since last reset
  • The average score is 6 of 16
Answers on the Grid
Answers color-coded by a green-red scale on the quiz's grid according to % correct below.
Crazy Story
Armed and Dangerous
Can't Relate
Took Her To The O
Evil Twins
Robberies
The Code
GTA
Crazy Story Pt. 3
Demon
Tuff
Why He Told
Twin Nem
No Flaws
Back Again
All These N*ggas
Mad At You
2 A.M
Same As Us
I Am What I Am
Don't Wanna Be Me
How It Go
Cousins
Ride
3 A.M
Mine Too
Gleesh Place
War Wit Us
Phil Jackson
From The Hood
Jet
Wayne's Story
Real Oppy
Ain't See It Coming
Heartless
When I Die
 
Answer Stats
Answer % Correct
GTA
51%
Armed and Dangerous
46%
Demon
43%
Wayne's Story
42%
Gleesh Place
40%
All These N*ggas
39%
Ride
38%
I Am What I Am
36%
Back Again
35%
Why He Told
34%
Mine Too
32%
The Code
31%
How It Go
30%
Ain't See It Coming
27%
Mad At You
27%
Can't Relate
26%
No matching quizzes found
Score Distribution
Percent of People with Each Score
Percentile by Number Answered
Your Score History
You have not taken this quiz since the last reset